| 000 | 00530nam a2200205Ia 4500 | ||
|---|---|---|---|
| 005 | 20221212093529.0 | ||
| 008 | 131103s9999 xx 000 0 und d | ||
| 040 | _aLoreto College | ||
| 041 | _aEnglish | ||
| 082 |
_a821.91 _b YEA-ELL |
||
| 100 | _aEllmann, Richard | ||
| 245 | 4 |
_aThe identity of Yeats _cRichard Ellmann |
|
| 260 |
_aLondon _bFaber _c1965 |
||
| 300 | _axxix,342 p. | ||
| 504 | _aIncludes index | ||
| 650 | _aEnglish Poetry | ||
| 651 | _aYeats, William Butler - Criticism | ||
| 850 | _aLCLIB | ||
| 942 | _cBK | ||
| 999 |
_c6607 _d57086 |
||